Statistiken für Deutsche Lieder der 2000er - Song zu Interpret

Klicken Sie hier um das Quiz zu spielen!

Allgemein

  • Dieses Quiz wurde 216 mal gespielt
    (176 seit der letzten Aktualisierung)
  • Das Durchschnittsergebnis liegt bei 8 aus 17

Antwortstatistiken

HintAntwort% Korrekt
JungeDie Ärzte
91%
Haus am SeePeter Fox
89%
'54, '74, '90, 2006Sportfreunde Stiller
71%
MenschHerbert Grönemeyer
66%
Geile ZeitJuli
65%
Vom selben SternIch + Ich
63%
AmerikaRammstein
57%
Daylight in your EyesNo Angels
52%
SymphonieSilbermond
45%
Hawaii Toast SongAlexander Marcus
30%
I Feel LonelySasha
29%
Ich bin ichRosenstolz
26%
No no neverTexas Lightning
26%
AurélieWir sind Helden
21%
Ab in den SüdenBuddy
18%
Der Steuersong (las kanzlern)Elmar Brandt (Gerd-Show)
17%
Ich vermiss dich (wie die Hölle)Zlatko
17%

Verteilung der Resultate

Perzentil nach korrekt beantworteten Fragen

Anzahl Personen mit jedem Resultat

Ihre Resultats-Entwicklung

Sie haben dieses Quiz seit der letzten Aktualisierung nicht gespielt